| 000 | 00807cam a22002897a 4500 | ||
|---|---|---|---|
| 003 | CHAP | ||
| 005 | 20220329140823.0 | ||
| 008 | 971013s1962 r 00010 d | ||
| 010 | _a58125 | ||
| 011 | _a59097 | ||
| 035 | _a63254 | ||
| 040 | _cCHAP | ||
| 090 | _aFolleto 7042 | ||
| 100 | 0 | 0 |
_aSmith, L. P. _9107067 |
| 245 | 1 | 3 | _aEl tiempo y la alimentación |
| 260 |
_aGinebra : _bOrganización Meteorológica Mundial, _c1962 |
||
| 300 | _a80 p. | ||
| 490 | 0 |
_aOMM _v; 113 |
|
| 590 |
_aBATCH-UPD _b10 _c20130110 _lUCH01 _h1746 |
||
| 590 |
_aCONVERSION _b10 _c20130109 _lUCH01 _h1331 |
||
| 650 | 1 | 4 |
_aCultivos y clima. _930392 |
| 790 | _aCampaña Mundial contra el Hambre | ||
| 830 | 0 |
_aOMM _v; 113 _983285 |
|
| 901 | _aBK | ||
| 942 | _cFOLL | ||
| 949 |
_aFolleto 7042 _bBC _cFOLL _d-135896 _eTS1 _i63254 _si |
||
| 999 |
_c58125 _d58125 |
||